Κατάλογος Βιβλιοθηκών Mediterranean College

Introduction to Child Development / Fifth Edition (Record no. 3474)

MARC details
000 -LEADER
fixed length control field 01487cam a22002054a 4500
005 - ΗΜΕΡΟΜΗΝΙΑ ΚΑΙ ΩΡΑ ΤΕΛΕΥΤΑΙΑΣ ΕΝΗΜΕΡΩΣΗΣ
Πεδίο ελέγχου 20250605164116.0
008 - FIXED-LENGTH DATA ELEMENTS--GENERAL INFORMATION
Πεδίο ελέγχου σταθερού μήκους 250528s ||||||||||||||||||||||||d
035 ## - SYSTEM CONTROL NUMBER
System control number 18089
020 ## - ISBN
ISBN 314011358
040 ## - ΠΗΓΗ ΚΑΤΑΛΟΓΟΓΡΑΦΗΣΗΣ
Φορέας πρωτότυπης καταλογογράφησης MC Athens Campus Library
Γλώσσα καταλογογράφησης Ελληνικά, Μοντέρνα (1453-)
Modifying agency MC Athens Campus Library
Κανόνες περιγραφικής καταλογογράφησης AACR2
245 1# - ΤΙΤΛΟΣ ΚΑΙ ΔΗΛΩΣΗ ΥΠΕΥΘΥΝΟΤΗΤΑΣ
Τίτλος Introduction to Child Development / Fifth Edition
250 ## - EDITION STATEMENT
Edition statement 5th
260 ## - PUBLICATION, DISTRIBUTION, ETC.
Name of publisher, distributor, etc. West Publishing Company,
Date of publication, distribution, etc. 1993
300 ## - PHYSICAL DESCRIPTION
Extent 616
520 ## - SUMMARY, ETC.
Summary, etc. Foundations of Development, An Introduction to Development: History and Research, Inheritance and the Biological Foundations of Development, Beginning of Life: Birth and Infancy, Conception and Prenatal Development and Birth, Growth and Maturation and Individual Differences, Neural and Sensory and Perceptual Development, Infant Social and Emotional Development, The Developing Child: Learning and Language and Cognition, Learning, Language Development, Cognitive Development I: Historical Foundations, Cognitive Development II: Modern Perspectives, Intelligence and Individual Differences, The Developing Child: Social Process, Socialization and Personality Development, The Development of Sexuality and Sex Roles, Peers and School and the Social Environment, The Development of Morality and Self-Control, Child Development in Other Cultures, Children with Special Needs, Adolescence, Adolescent Physical and Cognitive Development, Adolescent Social and Personality Development.
700 1# - ΠΡΟΣΘΕΤΗ ΑΝΑΓΡΑΦΗ--ΦΥΣΙΚΟ ΠΡΟΣΩΠΟ
Personal name Dworetzky John P
9 (RLIN) 4372
942 ## - ADDED ENTRY ELEMENTS (KOHA)
Koha item type Books
Holdings
Τύπος τεκμηρίου Βιβλιοθήκη Τρέχουσα τοποθεσία Barcode Αριθμός εισαγωγής Ημερομηνία απόκτησης Ταξιθετικό σύμβολο Αριθμός αντιτύπου Κατάσταση απόσυρσης Κατάσταση χαμένου Κατάσταση κατεστραμμένου Μη δανεισμός Σύνολο δανεισμών Ημερομηνία τελευταίας εμφάνισης Η τιμή ισχύει από
Books MC Athens Campus Library MC Athens Campus Library 9780000034731 2275 05/06/2025 305.23/1 DWO 1           05/06/2025 05/06/2025

MC Athens Campus Library
Πατησίων 94 & Κοδριγκτώνος 13, 104 34
Πελλήνης 8 & Πατησίων 107, 112 51
Τ: +30 210 8899600

MC Thessaloniki Campus Library
Ίωνος Δραγούμη 21, 54625 | Ίωνος Δραγούμη 15, 54625
Τ: +30 2310 287779 – Τ: +30 2314 440300